| 000 | 00779nam a2200217 a 4500 | ||
|---|---|---|---|
| 001 | 000012675 | ||
| 005 | 20240412074234.0 | ||
| 008 | 091116s1997 dr r 001 j spa d | ||
| 040 |
_aDO-SdBNP _bspa _cBNPHU |
||
| 082 |
_aRD863.44 _bM534t |
||
| 100 | 1 |
_aMena Mañón, Pedro, _d1956- _929454 |
|
| 245 | 1 | 0 |
_aTártaro, el velador de las cariátides / _cPedro Mena Mañón. |
| 260 |
_aSanto Domingo : _bUASD, _c1997. |
||
| 300 |
_a99 p. ; _c22 cm. |
||
| 490 | 1 |
_aPublicaciones de la Universidad Autónoma de Santo Domingo _v821 |
|
| 590 | _aInventariado, 2020/BT | ||
| 650 | 0 |
_aCuentos dominicanos _9176 |
|
| 650 | 0 |
_aLiteratura dominicana. _967 |
|
| 830 | 0 |
_aPublicaciones de la Universidad Autónoma de Santo Domingo _n821 _929455 |
|
| 910 | _aValidado. Control de calidad. MMOLINA | ||
| 999 |
_c12326 _d12326 |
||